000 00413nam a2200169Ia 4500
008 221030s9999 xx 000 0 und d
020 _a8188646679
041 _aEnglish
082 _a105.23
100 _aM. K. Jain
245 0 _aModern Organic Chemistry
_cby M. K. Jain, S. C. Sharma
260 _bVishal Pub.
_aDelhi
_c2010
300 _a1226
650 _aChemistry
700 _aS. C. Sharma
942 _cBK
999 _c9383
_d9383